Т. 322, № 5 : Управление, вычислительная техника и информатика; Известия Томского политехнического университета [Известия ТПУ]

Bibliographic Details
Parent link:Известия Томского политехнического университета [Известия ТПУ]/ Томский политехнический университет (ТПУ). Т. 322, № 5 : Управление, вычислительная техника и информатика.— , 2000-
Language:Russian
Published: 2013
Subjects:
Format: Book
KOHA link:https://koha.lib.tpu.ru/cgi-bin/koha/opac-detail.pl?biblionumber=240300

MARC

LEADER 00000nam2a2200000 4500
001 240300
005 20231208104418.0
035 |a (RuTPU)RU\TPU\book\261554 
035 |a RU\TPU\book\254124 
090 |a 240300 
100 |a 20130620d2013 k y0rusy50 ca 
101 0 |a rus 
102 |a RU 
105 |a a z 001zd 
200 0 |a Т. 322, № 5 : Управление, вычислительная техника и информатика 
210 |d 2013 
215 |a 227 с.  |c ил. 
320 |a Библиогр. в конце статей 
461 1 |0 (RuTPU)RU\TPU\book\176237  |t Известия Томского политехнического университета [Известия ТПУ]  |f Томский политехнический университет (ТПУ)  |v Т. 322, № 5 : Управление, вычислительная техника и информатика  |d 2000-  
600 1 |a Спицын  |b В. Г.  |c специалист в области информатики и вычислительной техники  |c профессор Томского политехнического университета, доктор технических наук  |f 1948-  |g Владимир Григорьевич  |y Томск  |2 stltpush  |3 (RuTPU)RU\TPU\pers\22707  |9 9740 
600 1 |a Агранович  |b Б. Л.  |c специалист в области радиотехники  |c профессор Томского политехнического университета, кандидат технических наук  |f 1938-  |g Борис Львович  |y Томск  |x TPU  |2 stltpush  |3 (RuTPU)RU\TPU\pers\22706 
606 1 |a Научно-технический потенциал  |2 stltpush  |3 (RuTPU)RU\TPU\subj\45166  |9 64427 
610 1 |a Томский политехнический университет 
610 1 |a научные исследования 
610 1 |a вычислительная техника 
610 1 |a автоматизация 
610 1 |a управление 
610 1 |a программирование 
610 1 |a информатика 
610 1 |a прикладные задачи 
610 1 |a прикладная математика 
610 1 |a технические системы 
610 1 |a интеллектуальные системы 
610 1 |a алгоритмическое обеспечение 
610 1 |a программное обеспечение 
610 1 |a труды учёных ТПУ 
675 |a 62  |v 3 
801 1 |a RU  |b 63413507  |c 20091023 
801 2 |a RU  |b 63413507  |c 20130701  |g RCR 
942 |c CR